| 000 | 01704nam a2200301Ia 4500 | ||
|---|---|---|---|
| 999 |
_c42036 _d42036 |
||
| 001 | 8726 | ||
| 003 | GE_BSU | ||
| 005 | 20240530115258.0 | ||
| 008 | 181216s2011||||ge |||||||||||||| ||geo|| | ||
| 020 | _a9789941193743 | ||
| 040 | _cGE_BSU | ||
| 041 | _ageo | ||
| 080 | _a821.353.1-31+821.353.1-32 დ–90 | ||
| 100 |
_aდუმბაძე, ნოდარ _91321 |
||
| 245 |
_aრჩეული ნაწარმოებები : 6 ტომად. მარადისობის კანონი. ტ.6 : _bრომანი. წერილები. მოგონებები ნოდარ დუმბაძეზე / _cნოდარ დუმბაძე ; რედ. ზურაბ აბაშიძე, მანანა ჯანელიძე, ირმა ხარშილაძე. |
||
| 264 |
_aთბილისი : _bპალიტრა L, _c2011. |
||
| 300 |
_a424 გვ. ; _c19 სმ. |
||
| 490 | _aჩემი რჩეული, 2233-3037 / სარედ. ჯგ.: ზურაბ აბაშიძე, მანანა ჯანელიძე, ირმა ხარშილაძე ; ტ. 31 | ||
| 541 | _h8ლ. | ||
| 653 | _aმარადისობის კანონი | ||
| 653 | _aმოთხრობები | ||
| 653 | _aრომანი | ||
| 653 | _aრჩეული ნაწარმოებები | ||
| 700 |
_dაბაშიძე, ზურაბ _eრედაქტორი _91322 |
||
| 700 |
_aჯანელიძე, მანანა _eრედაქტორი _91323 |
||
| 700 |
_aხარშილაძე, ირმა _eრედაქტორი _922232 |
||
| 942 |
_cBK _2udc |
||